000 00609cam a22002173a 4500
001 42382
003 PGUSA
005 20140828083947.0
008 130321s2013||||xxu|||||s|||||000 | eng d
040 _aPGUSA
_beng
042 _adc
100 1 _aWallace, Dillon,
_d1863-1939
245 1 4 _aThe Wilderness Castaways
_h[electronic resource] /
_cDillon Wallace
260 _bProject Gutenberg,
_c2013
506 _aPublic domain in the USA.
516 _aElectronic text
700 1 _aWatson, Henry S.
830 0 _aProject Gutenberg
_v42382
856 4 0 _uhttp://www.gutenberg.org/ebooks/42382
942 _cEB
999 _c271634
_d271634